| 000 | 00614nam a2200169 4500 | ||
|---|---|---|---|
| 999 |
_c63975 _d63975 |
||
| 003 | Ge_BSU | ||
| 005 | 20260302150708.0 | ||
| 008 | 260302s2014 enk||||| |||| 00| 0 eng d | ||
| 020 | _a9780231167703x | ||
| 041 | _aeng | ||
| 080 | _a821.821-82 The -44 | ||
| 245 |
_aThe Columbia Anthology of Japanese Essays: _b Zuihitsu from the Tenth to the Twenty-First Century / _cEdited by Steven D. Carter. |
||
| 264 |
_aNew York : _b Columbia University Press, _c2014. |
||
| 300 |
_a 540 p.; _b24 cm. |
||
| 653 | _aიაპონური ესეების ანთოლოგია | ||
| 942 |
_2udc _cᲬᲘᲒᲜᲘ |
||